1767 1792 1583 1628 1873 1769 1207 1608 1161 1433 1948 1305 1477 1345 1637 1034 1155 1922 1438 1040 1389 1912 1646 1062 1728 1089 1533 1414 1291 1024 1682 1331 1885 1576 1803 1633 1425 1789 1064 1879 1346 1469 1362 1889 1643 1581 1973 1161 1165 1180 1353 1159 1357 1850 1798 1213 1696 1023 1566 1711 1827 1533 1204 1657 1430 1336 1649 1562 1443 1427 1139 1385 1323 1893 1321 1097 1896 1948 1323 1469 1441 1537 1300 1096 1510 1984 1164 1484 1778 1377 1981 1247 1104 1975 1799 1182 1248 1331 1819 BCNSPRNW ULIB Ver.6.0+V

เปลี่ยนเป็นภาษาไทย

Change to English
 แสดงรายละเอียดบรรณานุกรม
  กลับหน้าหลัก

Brief Record : Get Marc (ISO 2709) : E-mail record : QR code < ปิดหน้าต่าง
LEADER : 00000nam 2200000uu 4500
001    13399121367
003     ULIB
008    121116s2551||||th 000 0 tha d
020    ^a9789740473664
050 04 ^aTK7885^bค127ค
100 0  ^aคณัฐช์อนงค์ อัศวสุนทรางกูร
245 10 ^aคู่มือการใช้งาน Microsoft PowerPoint 2007 /^cคณัฐช์อนงค์ อัศวสุนทรางกูร
260    ^aกรุงเทพฯ :^bสวัสดี ไอที,^c2551
300    ^a362 หน้า :^bภาพประกอบ ;^c22 ซม
505 2  ^aเริ่มต้นติดตั้งโปรแกรม PowerPoint 2007 -- ทำความรู้จักกับโปรแกรมPowerPoint 2007 -- เริ่มต้นจัดการกับงานนำเสนอ -- การแต่งเติมสีสันด้วยชุดรูปแบบ -- การใส่เนื้อหาให้กับภาพนิ่ง -- การแทรกวัตถุลงในภาพนิ่ง -- การแทรกไฟล์มัลติมีเดีย -- สร้างการเชื่อมโยงหลายมิติ (Hyperlink) -- การใส่เอฟเฟ็กต์ภาพเคลื่อนไหวก่อนนำเสนอ -- การนำเสนอภาพนิ่ง -- การสั่งพิมพ์เอกสารประกอบการนำเสนอ -- ความสามารถเพิ่มเติมของ PowerPoint
650  7 ^aไมโครซอฟต์เพาเวอร์พอยท์
650  7 ^aโปรแกรมคอมพิวเตอร์
945    ^p169^l0^i14962
995    ^aวิภา
999 ^a ทศพร
รายการนี้ยังไม่มีแท็ก
คุณยังไม่ได้ล็อกอิน คุณสามารถมีกิจกรรมร่วมกับเว็บไซต์ได้ แต่ต้องล็อกอินก่อน ::
  ล็อกอิน

รายการสื่อสารสนเทศ

ลำดับที่ ประเภท เลขเรียก/บาร์โค้ด สถานที่ สถานะ
1. วิทยาศาสตร์การแพทย์ และสุขภาพ
วิทยาศาสตร์การแพทย์ และสุขภาพ
TK7885 ค127ค  
  Barcode: 14962
ห้องสมุดวิทยาเขตสวรรค์ประชารักษ์
►หนังสือทั่วไป
บนชั้น

รายการใกล้เคียง
    ผู้แต่ง [คณัฐช์อนงค์ อัศวสุนทรางกูร]

    หัวเรื่อง [ไมโครซอฟต์เพาเวอร์พอยท์]
    หัวเรื่อง [โปรแกรมคอมพิวเตอร์]

BibComment


ยังไม่เคยถูกคอมเมนท์

คอมเมนท์ทรัพยากรรายการนี้
  คอมเมนท์: คู่มือการใช้งาน ..


 Copyright 2026. Bcnsprnw @Library